Lord of the Mysteries - The Paragon Pathway - Statistics

General Stats
  • This quiz has been taken 17 times
  • The average score is 6 of 10
Answer Stats
Sequence Number Name of Potion % Correct
Sequence 9 Savant
100%
Sequence 0 The Paragon
86%
Sequence 6 Artisan
57%
Sequence 3 Arcane Scholar
50%
Sequence 8 Archaeologist
50%
Sequence 1 Illuminator
50%
Sequence 4 Alchemist
43%
Sequence 5 Astronomer
43%
Sequence 2 Knowledge Magister
43%
Sequence 7 Appraiser
29%
No matching quizzes found
Score Distribution
Percent of People with Each Score
Percentile by Number Answered
Your Score History
You have not taken this quiz